000 00801nam a2200121Ia 4500
008 220620s9999||||xx |||||||||||||| ||und||
100 _aVillalobos Barría, Carlos
245 0 _aEconomic Inequality in Latin America
_bMigration, Education and Structural Change
546 _aEnglish[eng]
650 _aAmerica||Barría||Change||Decomposition of Income||Economic||Education||Educational Inequality||Family Economics||Indigenous Background||Inequality||Latin||Migration||Structural||Villalobos
856 _uhttps://library.oapen.org/bitstream/20.500.12657/27300/1/1002712.pdf||https://library.oapen.org/bitstream/20.500.12657/27300/1/1002712.pdf||https://library.oapen.org/bitstream/20.500.12657/27300/1/1002712.pdf||https://library.oapen.org/bitstream/20.500.12657/27300/1/1002712.pdf
942 _cEB
999 _c25121
_d25121